| 000 | 00481nam a2200157 a 4500 | ||
|---|---|---|---|
| 001 | 1718 | ||
| 003 | CO-ViMGA | ||
| 008 | 141112s2004 ck r 000 u spa d | ||
| 040 |
_aCO-ViMGA _bspa _cCO-ViMGA |
||
| 082 | 0 | 4 | _a350.7231 P765c |
| 245 | 1 | 0 |
_aPronunciamientos 1 al 9 consejo tecnico de la contaduria pública : _bincluye ley 43 de 1990 |
| 260 |
_aSantafé de Bogotá : _bEcoe, _c1996 |
||
| 300 | _a158 p | ||
| 650 | 1 | 4 |
_aCONTADURIA PUBLICA - LEGISLACION _950215 |
| 942 |
_2ddc _cBK |
||
| 999 |
_c13894 _d13894 |
||